| 000 | 00486nam a22001697a 4500 | ||
|---|---|---|---|
| 008 | 230331b |||||||| |||| 00| 0 eng d | ||
| 040 |
_aNational Science Library _cNational Science Library |
||
| 080 |
_aR 35.08 _bN1 |
||
| 100 | _aKhanna, D B | ||
| 245 | _aComplete book on disciplinary proceedings | ||
| 260 |
_aNew Delhi: _bSushiel Khanna, _c1991 |
||
| 300 | _axl, 509p. | ||
| 365 |
_b225.00 _cINR |
||
| 650 | _aAdministration | ||
| 653 | _aDeemed suspension | ||
| 942 |
_2udc _cREF |
||
| 999 |
_c17442 _d17442 |
||